Arc When Each Straw Hat Joined And Left - One Piece - Statistics

General Stats
  • This quiz has been taken 47 times
    38 since last reset
  • The average score is 19 of 24
Answer Stats
Hint Answer % Correct
Vivi Alabasta
92%
Robin Alabasta
92%
Brook Thriller Bark
92%
Jinbe Wano
92%
Sanji Whole Cake
92%
Robin Enies Lobby
88%
Luffy Romance Dawn
88%
Zoro Romance Dawn
88%
Robin Water 7
88%
Nami Arlong Park
85%
Sanji Baratie
85%
Nami Baratie
85%
Sanji Zou
81%
Chopper Drum Island
77%
Franky Return to Water 7
77%
Usopp Syrup Village
77%
Chopper Long Ring Long Land
69%
Chopper Long Ring Long Land
69%
Robin Long Ring Long Land
69%
Chopper Long Ring Long Land
69%
Chopper Long Ring Long Land
69%
Robin Long Ring Long Land
69%
Vivi Whisky Peak
69%
Nami Shells Town
23%
No matching quizzes found
Score Distribution
Percent of People with Each Score
Percentile by Number Answered
Your Score History
You have not taken this quiz since the last reset